El círculo vicioso de la pobreza (Registro nro. 25457)

Detalles MARC
000 -LEADER
fixed length control field 00310 a2200109 4500
001 - CONTROL NUMBER
control field ART_11314
005 - DATE AND TIME OF LATEST TRANSACTION
control field 20260410161856.0
008 - FIXED-LENGTH DATA ELEMENTS--GENERAL INFORMATION
fixed length control field 260409a
100 1# - MAIN ENTRY--PERSONAL NAME
Personal name Bauer, Peter T.
245 10 - TITLE STATEMENT
Title El círculo vicioso de la pobreza
773 0# - HOST ITEM ENTRY
Title Revista de Economía
Related parts - Nº 32 (mar. 1982)
Record control number REV11077

No hay ítems disponibles.